| 000 | 00836nam a2200241 i 4500 | ||
|---|---|---|---|
| 001 | 72721 | ||
| 003 | ES-MaACL | ||
| 005 | 20230906171531.0 | ||
| 007 | t| | ||
| 008 | 040902s1980 sp ||||1| spa d | ||
| 100 | 1 |
_aGörlitz, Axel. _959195 |
|
| 245 | 1 | 0 |
_aDiccionario de Ciencia política / _cdirigido por Axel Goerlitz ; versión Jaime Nicolás Muñiz y Germán López Orfanel ; apéndice de Francisco Rubio Llorente. |
| 260 |
_a[Madrid] : _bAlianza, _c[1980] |
||
| 300 |
_a628 p. ; _c24 cm. |
||
| 490 | 1 | _aAlianza diccionarios | |
| 650 | 0 | 4 |
_aPolítica- _vDiccionarios. _916269 |
| 700 | 1 |
_aNicolas Muñiz, Jaime. _985575 |
|
| 700 | 1 |
_aLópez Orfanel, Germán. _973845 |
|
| 700 | 1 |
_aRubio Llorente, Francisco. _9100424 |
|
| 830 | 0 |
_aAlianza diccionarios _9177801 |
|
| 852 |
_aES-MaACL _jL-2223 _bR.102802 |
||
| 999 |
_c72721 _d72721 |
||